000 00429 a2200157 4500
003 OSt
005 20231106113534.0
008 231106b |||||||| |||| 00| 0 eng d
040 _coclc
082 _a891.5511
_bOMA/R
100 0 _aOmar Khayyam
_99831
245 _aRUBAYYATH /
_cOmar Khayyam
260 _aKerala:
_bOlive,
_c2021.
300 _a101 p
942 _2ddc
_cBK
_h891.5511
_iOMA/R
_k891.5511
_mOMA/R
999 _c42808
_d42808